000 00359nam a2200145Ia 4500
008 151213s9999 xx 000 0 und d
100 _aE. M. Forster's
245 _aA Passage of India
_cE. M. Forster's
260 _aLondon
_bRourttedge
_c2002
300 _a2197 p.
650 _aEnglish
650 _aEnglish
700 _aE. M. Forster's
999 _c1602
_d1602